Shadows Behind The Screen: (Record no. 8928)

MARC details
000 -LEADER
fixed length control field 00472nam a22001817a 4500
003 - CONTROL NUMBER IDENTIFIER
control field OSt
005 - DATE AND TIME OF LATEST TRANSACTION
control field 20240704102145.0
008 - FIXED-LENGTH DATA ELEMENTS--GENERAL INFORMATION
fixed length control field 240626b |||||||| |||| 00| 0 eng d
022 ## - INTERNATIONAL STANDARD SERIAL NUMBER
International Standard Serial Number 02567520
040 ## - CATALOGING SOURCE
Transcribing agency MUST
082 ## - DEWEY DECIMAL CLASSIFICATION NUMBER
Classification number 330 SHA 1995
245 ## - TITLE STATEMENT
Title Shadows Behind The Screen:
Remainder of title Economic Restructuring and Asian Women /
260 ## - PUBLICATION, DISTRIBUTION, ETC. (IMPRINT)
Place of publication, distribution, etc. London
Name of publisher, distributor, etc. Arena
Date of publication, distribution, etc. 1995
300 ## - PHYSICAL DESCRIPTION
Extent x,237p;
Dimensions 28 cm.
504 ## - BIBLIOGRAPHY, ETC. NOTE
Bibliography, etc Appendices included
650 ## - SUBJECT ADDED ENTRY--TOPICAL TERM
Source of heading or term Economics
942 ## - ADDED ENTRY ELEMENTS (KOHA)
Source of classification or shelving scheme Dewey Decimal Classification
Koha item type Open Shelf
Holdings
Withdrawn status Lost status Source of classification or shelving scheme Damaged status Not for loan Home library Current library Date acquired Source of acquisition Inventory number Total Checkouts Full call number Barcode Date last seen Price effective from Koha item type
    Dewey Decimal Classification     MUST Main Library MUST Main Library 26/06/2024   2002/16954   330 SHA 1999 2024-21441 26/06/2024 26/06/2024 Open Shelf
    Dewey Decimal Classification     MUST Main Library MUST Main Library 04/07/2024 Donation 2002/17612   330 SHA 1995 2024-21762 04/07/2024 04/07/2024 Open Shelf